<?xml version="1.0" encoding="UTF-8"?><?xml-stylesheet type="text/xsl" href="static/style.xsl"?><OAI-PMH xmlns="http://www.openarchives.org/OAI/2.0/" xmlns:xsi="http://www.w3.org/2001/XMLSchema-instance" xsi:schemaLocation="http://www.openarchives.org/OAI/2.0/ http://www.openarchives.org/OAI/2.0/OAI-PMH.xsd"><responseDate>2026-06-01T02:40:52Z</responseDate><request verb="GetRecord" identifier="oai:riuma.uma.es:10630/5604" metadataPrefix="marc">https://riuma.uma.es/rest/oai/request</request><GetRecord><record><header><identifier>oai:riuma.uma.es:10630/5604</identifier><datestamp>2026-02-03T11:02:07Z</datestamp><setSpec>com_10630_2254</setSpec><setSpec>col_10630_37953</setSpec></header><metadata><record xmlns="http://www.loc.gov/MARC21/slim" xmlns:dcterms="http://purl.org/dc/terms/" xmlns:doc="http://www.lyncode.com/xoai" xmlns:xsi="http://www.w3.org/2001/XMLSchema-instance" xsi:schemaLocation="http://www.loc.gov/MARC21/slim http://www.loc.gov/standards/marcxml/schema/MARC21slim.xsd">
   <leader>00925njm 22002777a 4500</leader>
   <datafield ind2=" " ind1=" " tag="042">
      <subfield code="a">dc</subfield>
   </datafield>
   <datafield ind2=" " ind1=" " tag="720">
      <subfield code="a">García Pascual, Gustavo</subfield>
      <subfield code="e">author</subfield>
   </datafield>
   <datafield ind2=" " ind1=" " tag="720">
      <subfield code="a">Fuentes-Fernández, Lidia</subfield>
      <subfield code="e">author</subfield>
   </datafield>
   <datafield ind2=" " ind1=" " tag="720">
      <subfield code="a">Pinto-Alarcón, Mónica</subfield>
      <subfield code="e">author</subfield>
   </datafield>
   <datafield ind2=" " ind1=" " tag="260">
      <subfield code="c">2013</subfield>
   </datafield>
   <datafield ind2=" " ind1=" " tag="520">
      <subfield code="a">The execution context in which pervasive systems or mobile&#xd;
computing run changes continuously. Hence, applications for these systems&#xd;
should be adapted at run-time according to the current context.&#xd;
In order to implement a context-aware dynamic reconfiguration service,&#xd;
most approaches usually require to model at design-time both the list of&#xd;
all possible configurations and the plans to switch among them. In this&#xd;
paper we present an alternative approach for the automatic run-time generation&#xd;
of application configurations and the reconfiguration plans. The&#xd;
generated configurations are optimal regarding di erent criteria, such as&#xd;
functionality or resource consumption (e.g. battery or memory). This is&#xd;
achieved by: (1) modelling architectural variability at design-time using&#xd;
Common Variability Language (CVL), and (2) using a genetic algorithm&#xd;
that finds at run-time nearly-optimal configurations using the information&#xd;
provided by the variability model. We also specify a case study&#xd;
and we use it to evaluate our approach, showing that it is efficient and&#xd;
suitable for devices with scarce resources.</subfield>
   </datafield>
   <datafield ind1="8" ind2=" " tag="024">
      <subfield code="a">http://hdl.handle.net/10630/5604</subfield>
   </datafield>
   <datafield tag="653" ind2=" " ind1=" ">
      <subfield code="a">Informática móvil</subfield>
   </datafield>
   <datafield tag="653" ind2=" " ind1=" ">
      <subfield code="a">Aplicaciones informáticas</subfield>
   </datafield>
   <datafield ind2="0" ind1="0" tag="245">
      <subfield code="a">Run-time Support to Manage Architectural Variability Speci ed with CVL</subfield>
   </datafield>
</record>
</metadata></record></GetRecord></OAI-PMH>